KOHA-Header-6

Linear Integrated Circuits (Record no. 12096)

000 -LEADER
fixed length control field 00353nam a22001457a 4500
020 ## - INTERNATIONAL STANDARD BOOK NUMBER
ISBN 978-93-5316-048-7
082 ## - DEWEY DECIMAL CLASSIFICATION NUMBER
Classification number 621.38
100 ## - MAIN ENTRY--AUTHOR NAME
Personal name V S Khanchana Bhaaskaran
245 ## - TITLE STATEMENT
Title Linear Integrated Circuits
250 ## - EDITION STATEMENT
Edition statement 3rd Edition
260 ## - PUBLICATION, DISTRIBUTION, ETC. (IMPRINT)
Place of publication New Delhi
Name of publisher McGraw Hill
Year of publication 2019
300 ## - PHYSICAL DESCRIPTION
Number of Pages 730
650 ## - SUBJECT ADDED ENTRY--TOPICAL TERM
Topical Term Electrical Engineering
942 ## - ADDED ENTRY ELEMENTS (KOHA)
Koha item type Books
Holdings
Withdrawn status Lost status Collection code Permanent Location Current Location Shelving location Date acquired Full call number Accession Number Koha item type
    Electrical Engineering MAJU MAJU Shelf No.A34 2019-10-29 621.38 9392 Electrical Engineering

Powered by Koha